00448nam a2200157Ia 450000100060000000800410000602000180004704000130006508200200007810000240009824500850012226000470020730000110025454600070026565000180027271260160226s9999 xx 000 0 und d a9781780764825 cPK-LaUMT a 956.015bCAV-O aCavaliero, Roderick aOttomaniabthe romantics and the myth of the Islamic orientcCavaliero, Roderick aLondon,UK:bI. B. Tauris Publishers,c2013 a252 p. aEN aOttoma empire